000 00699cam a22002293a 4500
001 31142
003 PGUSA
005 20140828083656.0
008 100131s2010||||xxu|||||s|||||000 | eng d
040 _aPGUSA
_beng
042 _adc
050 4 _aBF
100 1 _aHaslam, John,
_d1764-1844
245 1 0 _aOn the Nature of Thought :
_bOr, The act of thinking and its connexion with a perspicuous sentence
_h[electronic resource] /
_cJohn Haslam
260 _bProject Gutenberg,
_c2010
506 _aPublic domain in the USA.
516 _aElectronic text
653 _aThought and thinking
830 0 _aProject Gutenberg
_v31142
856 4 0 _uhttp://www.gutenberg.org/ebooks/31142
942 _cEB
999 _c260397
_d260397